De todo corazón : (Registro nro. 9675)

Detalles MARC
000 -LIDER
fixed length control field 00837nam a22002657a 4500
001 - NÚMERO DE CONTROL
Identificador de número de control 002336
003 - IDENTIFICACDOR DE NÚMERO DE CONTROL
control field DO-SdBNP
005 - DATE AND TIME OF LATEST TRANSACTION
control field 20180220142201.0
007 - CAMPOS FIJOS DE DESCRIPCIÓN FÍSICA
fixed length control field 002336
008 - ELEMENTOS DE LONGITUD FIJA
fixed length control field 160411b 2005 sp ||| |||| 00| 0 spa d
020 ## - ISBN
International Standard Book Number 8434867338
040 ## - FUENTE DE CATALOGACIÓN
Enlace BPMSU
Campo enlazado y núm. de secuencia spa
Agencia que crea de manera original el registro BPMSU
Agencia que realiza la transcripción rdc
245 ## - MENCIÓN DE TITULO
Título De todo corazón :
Subtítulo 111 poemas de amor /
Mención de responsabilidad selección de José Maa Plaza ; ilustraciones Agatha Ruiz de la Prada.
250 ## - MENCIÓN DE EDICION
Mención de edición
260 ## - PUBLICACIÓN, DISTRIBUCIÓN, ETC. (PIE DE IMPRENTA)
Lugar de publicación, distribución, etc Madrid :
Nombre del editor, distribuidor, etc. Ediciones SM,
Fecha de publicación, distribución, etc 2005
300 ## - DESCRIPCIÓN FÍSICA
Extensión 206 p. :
Otros detalles físicos il. ;
Dimensiones 22 cm.
490 ## - MENCIÓN DE SERIES
Mención de serie El barco de vapor
Volume/sequential designation 115
500 ## - NOTA GENERAL
Nota general Para niños a partir de 12 años
700 ## - ASIENTO SECUNDARIO -- NOMBRE PERSONAL
Nombre personal Plaza, José María
Mención de responsabilidad selección
700 ## - ASIENTO SECUNDARIO -- NOMBRE PERSONAL
Nombre personal Ruíz de la Prada, Ágata
Fechas asociadas con el nombre il.
830 ## - ASIENTO SECUNDARIO DE SERIE--TÍTULO UNIFORME
Título uniforme El barco de vapor
Volume number/sequential designation 115
942 ## - ADDED ENTRY ELEMENTS (KOHA)
Source of classification or shelving scheme Dewey Decimal Classification
Koha item type Libros
945 ## - INFORMACIÓN DE PROCESAMIENTO LOCAL
Información de procesamiento local Inventariado, 2018 / BT
956 ## - LOCAL ELECTRONIC LOCATION AND ACCESS (OCLC)
Método de acceso VMATEO
Materiales especificados 10
Enlace 20160411
Campo enlazado y núm. de secuencia BPMSU
Nombre de host 0069
Existencias
Withdrawn status Lost status Source of classification or shelving scheme Damaged status Not for loan Collection code Home library Current library Date acquired Source of acquisition Total Checkouts Barcode Date last seen Price effective from Koha item type
    Dewey Decimal Classification     Colección Infantil General Biblioteca Pública Metropolitana Salomé Ureña Biblioteca Pública Metropolitana Salomé Ureña 04/11/2016 FUNDI   BPMSU16040286 04/11/2016 04/11/2016 Libros